Anotaciones sobre los estados totalitarios (Registro nro. 310709)
[ vista simple ]
| 000 -ENCABEZADO | |
|---|---|
| Número de control [NR] | 01489nam a2200313 a 4500 |
| 001 - NÚMERO DE CONTROL | |
| control field | 1570676 |
| 005 - FECHA Y HORA DE LA ÚLTIMA TRANSACCIÓN | |
| control field | 20181010125334.0 |
| 008 - DE LONGITUD FIJA DE DATOS DE ELEMENTOS - INFORMACIÓN GENERAL | |
| Elementos de longitud fija [NR] | 181010s2016 ck gr 000 0 spa d |
| 020 ## - NUMERO INTERNACIONAL NORMALIZADO PARA LIBROS [R] | |
| Número Internacional Normalizado del libro [NR] | 9789587725971 |
| 040 ## - FUENTE DE CATALOGACION [NR] | |
| Agencia de catalogación original [NR] | CO-BoUCM |
| Idioma de catalogación [NR] | spa |
| Quien Cataloga | Saul Niño |
| Quien Clasifica | Saul Niño |
| 041 ## - CODIGO DE IDIOMA [R] | |
| Código de idioma para texto/pista de sonido o título separado [R] | Español |
| 100 1# - ASIENTO PRINCIPAL--NOMBRE PERSONAL [NR] | |
| Nombre personal [NR] | Restrepo Piedrahita, Carlos |
| Fechas asociadas con el nombre [NR] | 1916-2017 |
| ID Autoridad | 93945 |
| 245 10 - MENCION DE TITULO [NR] | |
| Título [NR] | Anotaciones sobre los estados totalitarios |
| Mención de responsabilidad, etc. [NR] | Carlos Restrepo Piedrahita ; estudio preliminar de César Mauricio Vallejo Serna. |
| 260 ## - PUBLICACION, DISTRIBUCION, ETC. (PIE DE IMPRENTA) [R] | |
| Lugar de publicación, distribución, etc. [R] | Bogotá (Colombia) |
| Nombre del editor, distribuidor, etc. [R] | Universidad Externado de Colombia. Centro de Estudios Constitucionales Carlos Restrepo Piedrahita |
| Fecha de publicación, distribución, etc. [R] | 2016 |
| 300 ## - DESCRIPCION FISICA [R] | |
| Extensión [R] | 112 páginas |
| 490 0# - MENCION DE SERIE [R] | |
| Mención de serie [R] | Estudios Centro de Estudios Constitucionales |
| Designación numérica/secuencial del volumen [NR] | 1 |
| 505 00 - NOTA DE CONTENIDO CON FORMATO PREESTABLECIDO [R] | |
| Nota de contenido con formato preestablecido [NR] | Democracia y totalitarismo -- Anotaciones sobre los estados totalitarios -- El fascismo italiano -- Líneas sobre el nacional-socialismo alemán -- Sobre el Estado nacional sindicalista español -- Y el comunismo? -- Y la democracia? |
| 600 14 - ASIENTO SECUNDARIO DE MATERIA - NOMBRE PERSONAL [R] | |
| Nombre personal [NR] | Restrepo Piedrahita, Carlos |
| Fechas asociadas con el nombre [NR] | 1916-2017 |
| Subdivisión de forma [R] | Colecciones de escritos |
| 9 (RLIN) | 93946 |
| 650 #7 - ASIENTO SECUNDARIO DE MATERIA - TERMINO TEMATICO [R] | |
| Término temático o nombre geográfico como elemento de entrada [NR] | Totalitarismo |
| 9 (RLIN) | 25542 |
| 650 #7 - ASIENTO SECUNDARIO DE MATERIA - TERMINO TEMATICO [R] | |
| Término temático o nombre geográfico como elemento de entrada [NR] | Democracia |
| 9 (RLIN) | 12617 |
| 650 #7 - ASIENTO SECUNDARIO DE MATERIA - TERMINO TEMATICO [R] | |
| Término temático o nombre geográfico como elemento de entrada [NR] | Fascismo |
| Subdivisión geográfica [R] | Italia |
| 9 (RLIN) | 15595 |
| 650 #7 - ASIENTO SECUNDARIO DE MATERIA - TERMINO TEMATICO [R] | |
| Término temático o nombre geográfico como elemento de entrada [NR] | Comunismo |
| 9 (RLIN) | 11425 |
| 650 #4 - ASIENTO SECUNDARIO DE MATERIA - TERMINO TEMATICO [R] | |
| Término temático o nombre geográfico como elemento de entrada [NR] | Sindicalismo |
| Subdivisión geográfica [R] | España |
| 9 (RLIN) | 93947 |
| 650 #0 - ASIENTO SECUNDARIO DE MATERIA - TERMINO TEMATICO [R] | |
| Término temático o nombre geográfico como elemento de entrada [NR] | Nacionalsocialismo |
| Subdivisión geográfica [R] | Alemania |
| 9 (RLIN) | 52581 |
| Subdivisión general [R] | Historia |
| 650 #7 - ASIENTO SECUNDARIO DE MATERIA - TERMINO TEMATICO [R] | |
| Término temático o nombre geográfico como elemento de entrada [NR] | Formas de gobierno |
| 9 (RLIN) | 16054 |
| 700 1# - ASIENTO SECUNDARIO - NOMBRE PERSONAL [R] | |
| Nombre personal [NR] | Vallejo Serna, César Mauricio |
| 9 (RLIN) | 93948 |
| 942 ## - ELEMENTOS DE ENTRADA AGREGADOS (KOHA) | |
| Sistema de clasificación | DEWEY |
| Tema principal | Ciencia política |
| Tipo de ítem principal el descrito en 300a | Libro |
| Edición | 1 |
| Clasificación | 320.53 |
| Parte restante de la signatura top. | R436a |
| Signatura topográfica | Código de barras | Última vez visto | Ejemplar | Costo de reposición | Price effective from | Tipo de ítem | Perdido | Sistema de clasificación | Dañado | No prestable | Tipo de ítem específico | Suprimido | Ubicación habitual | Ubicación actual | Localización | Fecha de creación | Proveedor | Forma de adquisición | Costo |
|---|---|---|---|---|---|---|---|---|---|---|---|---|---|---|---|---|---|---|---|
| 320.53 R436a | 100158320 | 05/06/2024 | Ej.1 | 26000.00 | 01/10/2018 | Libro | DEWEY | Libro | Bodega | Bodega | 3er piso | 01/10/2018 | 12 | Donación | 0.00 |